El filtro burbuja. Cómo la web decide lo que leemos y lo que pensamos.
Gorde:
| Egile nagusia: | |
|---|---|
| Beste egile batzuk: | |
| Formatua: | Ezezaguna |
| Argitaratua: |
Ciudad de México, México:
Penguin Random House,
2017.
|
| Edizioa: | Primera edición en México. |
| Saila: | Taurus. Pensamiento.
|
| Gaiak: | |
| Etiketak: |
Etiketa erantsi
Etiketarik gabe, Izan zaitez lehena erregistro honi etiketa jartzen!
|
MARC
| LEADER | 00000 a2200000 4500 | ||
|---|---|---|---|
| 003 | CL-VaPUC | ||
| 005 | 20230823171235.0 | ||
| 008 | 230809t2017 ||||| |||| 00| 0 eng d | ||
| 999 | |c 441531 |d 441529 | ||
| 020 | |a 978-607-315-713-1 | ||
| 040 | |c Pontificia Universidad Católica de Valparaíso | ||
| 082 | |2 22 |a 302.231 PAR 2017 | ||
| 100 | |a Pariser, Eli |9 884081 |e autor | ||
| 245 | 1 | 3 | |a El filtro burbuja. |b Cómo la web decide lo que leemos y lo que pensamos. |
| 250 | |a Primera edición en México. | ||
| 260 | |a Ciudad de México, México: |b Penguin Random House, |c 2017. | ||
| 300 | |a 289 páginas. | ||
| 490 | |a Taurus. Pensamiento. | ||
| 583 | |k GC |c 20230809 | ||
| 650 | 0 | |9 254823 |a Internet |v Análisis crítico |x Comercio y monetización | |
| 650 | 0 | |9 434093 |a Web |x Google |x Personalización y recopilación |x Datos personales | |
| 700 | |a Vaquero, Mercedes |e traductora |9 884102 | ||
| 942 | |2 ddc |c BK | ||
| 952 | |0 0 |1 0 |2 ddc |4 0 |6 302_231000000000000_PAR_2017 |7 0 |8 A |9 591199 |a BIBCUR |b BIBCUR |c GEN |d 2023-08-09 |e 1 |g 20534.00 |i 5658371 |o 302.231 PAR 2017 |p 5658371 |r 2025-04-22 |t 1 |v 20534.00 |w 2023-08-09 |y BK |k PER | ||